[Event "25th European Teams Women"]
[Site "Batumi GEO"]
[Date "2025.10.06"]
[Round "2.8"]
[Board "4"]
[White "Sevcikova, Lucia"]
[Black "Hakimifard, Ghazal"]
[Result "0-1"]
[WhiteTitle "WFM"]
[BlackTitle "WGM"]
[WhiteElo "2116"]
[BlackElo "2206"]
[WhiteTeam "Slovakia"]
[BlackTeam "Switzerland"]
[WhiteFideId "14940744"]
[BlackFideId "12506540"]
[EventDate "2025.10.05"]

1. d4 Nf6 2. c4 e6 3. Nc3 Bb4 4. Nf3 Bxc3+ 5. bxc3 d6 6. e3 Nc6 7. Bd3 O-O 8.
O-O e5 9. e4 h6 10. h3 Re8 11. Re1 Nd7 12. Qc2 b6 13. Be3 Bb7 14. Nd2 Qf6 15.
Qb2 Na5 16. f3 Ba6 17. Rad1 c5 18. d5 Nf8 19. Qa3 Bc8 20. Nb3 Nb7 21. Qb2 Ng6
22. Qf2 Nf4 23. Bf1 g5 24. Kh2 Kh8 25. g3 Ng6 26. Bg2 Qg7 27. f4 exf4 28. gxf4
Nh4 29. fxg5 hxg5 30. Rg1 Qe5+ 31. Qg3 f6 32. Qxe5 dxe5 33. Rgf1 Kg7 34. Rf2 Nd6
35. Nd2 Rh8 36. Rh1 Bd7 37. Kg3 Nxg2 38. Kxg2 Rh4 39. Rf3 Nxe4 40. Nxe4 Rxe4 41.
Rhf1 f5 42. Bxg5 f4 43. Kf2 Rh8 44. Rg1 Kf7 45. h4 Rxc4 46. Ke1 Bf5 47. d6 Rg8
48. Kf2 Ra4 49. Ra1 Ke6 50. Be7 Be4 51. Rh3 Rg2+ 52. Kf1 f3 53. Rd1 Kd7 54. h5
Raxa2 55. h6 Bd3+ 0-1

[Event "25th European Teams Women"]
[Site "Batumi GEO"]
[Date "2025.10.06"]
[Round "2.9"]
[Board "1"]
[White "Ptacnikova, Lenka"]
[Black "Osmak, Yuliia"]
[Result "0-1"]
[WhiteTitle "WGM"]
[BlackTitle "IM"]
[WhiteElo "2167"]
[BlackElo "2464"]
[WhiteTeam "Iceland"]
[BlackTeam "Ukraine"]
[WhiteFideId "305650"]
[BlackFideId "14101602"]
[EventDate "2025.10.05"]

1. Nf3 d5 2. e3 Nf6 3. c4 e6 4. Nc3 b6 5. cxd5 exd5 6. d4 a6 7. Qa4+ c6 8. Bd3
Bd6 9. Qc2 O-O 10. b3 Re8 11. Bb2 c5 12. Rd1 Nc6 13. Be2 Ne7 14. O-O Qc7 15.
dxc5 bxc5 16. h3 Bb7 17. Rc1 Rac8 18. Rfd1 Ng6 19. Na4 d4 20. exd4 Nf4 21. Bf1
Nxh3+ 22. Kh1 Ng4 23. gxh3 Bxf3+ 24. Bg2 Re2 25. Qxe2 Bxe2 26. hxg4 Qe7 0-1

[Event "25th European Teams Women"]
[Site "Batumi GEO"]
[Date "2025.10.06"]
[Round "2.9"]
[Board "2"]
[White "Ushenina, Anna"]
[Black "Thorsteinsdottir, Hallgerdur"]
[Result "1-0"]
[WhiteTitle "GM"]
[BlackTitle "WFM"]
[WhiteElo "2407"]
[BlackElo "2031"]
[WhiteTeam "Ukraine"]
[BlackTeam "Iceland"]
[WhiteFideId "14110911"]
[BlackFideId "2302454"]
[EventDate "2025.10.05"]

1. e4 c6 2. d4 d5 3. e5 Bf5 4. h4 h5 5. Bd3 Qd7 6. Ne2 Bxd3 7. Qxd3 e6 8. Nd2
Ne7 9. Ng3 c5 10. c3 Nbc6 11. a3 c4 12. Qe2 g6 13. b3 cxb3 14. Nxb3 Nc8 15. a4
Nb6 16. Bg5 Nc4 17. Ne4 Be7 18. Nf6+ Bxf6 19. Bxf6 Rg8 20. a5 Qc7 21. Qa2 b5 22.
axb6 Qxb6 23. O-O a5 24. Rfb1 Qc7 25. Nc5 Ra7 26. Rb5 Nb6 27. Rab1 Nd7 28. Rb7
Qc8 29. Rxa7 Nxa7 30. Nb7 Qxc3 31. Nd6+ Kf8 32. Rb7 Qc1+ 33. Kh2 Nc8 34. Rxd7
Nxd6 35. Rxd6 1-0

[Event "25th European Teams Women"]
[Site "Batumi GEO"]
[Date "2025.10.06"]
[Round "2.9"]
[Board "3"]
[White "Briem, Gudrun Fanney"]
[Black "Zhukova, Natalia"]
[Result "0-1"]
[WhiteTitle "WCM"]
[BlackTitle "GM"]
[WhiteElo "1981"]
[BlackElo "2305"]
[WhiteTeam "Iceland"]
[BlackTeam "Ukraine"]
[WhiteFideId "2317486"]
[BlackFideId "14101513"]
[EventDate "2025.10.05"]

1. e4 e6 2. d4 d5 3. exd5 exd5 4. Nf3 Nf6 5. Bd3 c5 6. c3 c4 7. Bc2 Bd6 8. O-O
O-O 9. b3 b5 10. a4 cxb3 11. Bxb3 bxa4 12. Bxa4 Ne4 13. Ba3 Bxa3 14. Rxa3 Qd6
15. Ne5 Nd7 16. f3 Nxe5 17. dxe5 Qb6+ 18. Qd4 Nxc3 19. Qxb6 Ne2+ 20. Kf2 axb6
21. Rd1 Nf4 22. Bc6 Rxa3 23. Nxa3 Be6 24. g3 Ng6 25. f4 Ne7 26. Ba4 Ra8 27. Rd4
h5 28. Nc2 Bf5 29. Ne3 Be4 30. Rb4 Ra5 31. Bb3 b5 32. Rd4 Nc6 33. Rd2 d4 34. Nc2
d3 35. Ne1 Ra3 36. Ke3 Bg6 37. Bd5 Nb4 38. Kd4 Nc2+ 39. Kc5 Nxe1 40. Kb4 Ra1 41.
Kxb5 Rc1 42. e6 fxe6 43. Bxe6+ Bf7 44. f5 Bxe6 45. fxe6 Kf8 0-1

[Event "25th European Teams Women"]
[Site "Batumi GEO"]
[Date "2025.10.06"]
[Round "2.9"]
[Board "4"]
[White "Piddubna, Bozhena"]
[Black "Helgadottir, Idunn"]
[Result "1-0"]
[WhiteTitle "WFM"]
[BlackTitle "WCM"]
[WhiteElo "2265"]
[BlackElo "1874"]
[WhiteTeam "Ukraine"]
[BlackTeam "Iceland"]
[WhiteFideId "34109293"]
[BlackFideId "2314118"]
[EventDate "2025.10.05"]

1. c4 e6 2. g3 d5 3. Bg2 Nf6 4. Nf3 Be7 5. d4 Ne4 6. O-O f5 7. Nc3 c6 8. Qd3 Nd7
9. Bf4 g5 10. Bc1 Bf6 11. Ne1 h5 12. cxd5 exd5 13. f3 Nd6 14. e4 dxe4 15. fxe4
fxe4 16. Nxe4 Nxe4 17. Qxe4+ Qe7 18. Qg6+ Kd8 19. Nc2 h4 20. Rxf6 Nxf6 21. Bxg5
Rf8 22. Rf1 Kc7 23. Bxf6 Qe8 24. Be5+ Kb6 25. Qd6 Rxf1+ 26. Bxf1 a5 27. Qc5# 1-0

[Event "25th European Teams Women"]
[Site "Batumi GEO"]
[Date "2025.10.06"]
[Round "2.10"]
[Board "1"]
[White "Tsolakidou, Stavroula"]
[Black "Badelka, Olga"]
[Result "1-0"]
[WhiteTitle "IM"]
[BlackTitle "IM"]
[WhiteElo "2453"]
[BlackElo "2377"]
[WhiteTeam "Greece"]
[BlackTeam "Austria"]
[WhiteFideId "4264312"]
[BlackFideId "13509926"]
[EventDate "2025.10.05"]

1. e4 e6 2. d4 d5 3. Nc3 Nf6 4. e5 Nfd7 5. f4 c5 6. Nf3 Nc6 7. Be3 Rb8 8. Be2
cxd4 9. Nxd4 Nxd4 10. Bxd4 Bc5 11. Bxc5 Nxc5 12. Qd4 Qb6 13. O-O-O O-O 14. h4
Nd7 15. Qd2 f6 16. exf6 Nxf6 17. g4 Bd7 18. g5 Ne8 19. Bg4 Nc7 20. h5 Rbd8 21.
h6 g6 22. Rhf1 Rf7 23. Ne2 Bb5 24. Rfe1 Bxe2 25. Rxe2 Qa6 26. Qd4 Qxa2 27. Bxe6
Nxe6 28. Rxe6 Qa1+ 29. Kd2 Qa5+ 30. b4 Qc7 31. Re5 Rc8 32. c3 Rcf8 33. Rf1 a5
34. b5 a4 35. f5 gxf5 36. Rxd5 a3 37. Rd6 a2 38. Rg1 a1=Q 39. Rxa1 Qe7 40. g6
hxg6 41. Rxg6+ Kh7 42. Rg7+ Rxg7 43. hxg7 Qg5+ 44. Kc2 Qg2+ 45. Kb3 Rg8 46. Rg1
Qh2 47. Qd1 1-0

[Event "25th European Teams Women"]
[Site "Batumi GEO"]
[Date "2025.10.06"]
[Round "2.10"]
[Board "2"]
[White "Schloffer, Jasmin-Denise"]
[Black "Avramidou, Anastasia"]
[Result "1/2-1/2"]
[WhiteTitle "WIM"]
[BlackTitle "FM"]
[WhiteElo "2186"]
[BlackElo "2316"]
[WhiteTeam "Austria"]
[BlackTeam "Greece"]
[WhiteFideId "1631209"]
[BlackFideId "4239873"]
[EventDate "2025.10.05"]

1. d4 Nf6 2. c4 e6 3. Nc3 Bb4 4. e3 Nc6 5. Bd3 e5 6. Ne2 Bxc3+ 7. bxc3 e4 8. Bc2
Na5 9. Ng3 Nxc4 10. Nxe4 Nxe4 11. Bxe4 d5 12. Bd3 O-O 13. O-O Be6 14. e4 dxe4
15. Bxe4 Bd5 16. Qd3 Bxe4 17. Qxe4 c6 18. Bf4 Re8 19. Qf3 Qd5 20. Qxd5 cxd5 21.
Rfe1 f6 22. h4 Kf7 23. Kf1 h5 24. Rab1 b6 25. f3 Kg6 26. Rxe8 Rxe8 27. Re1 Rxe1+
28. Kxe1 Kf5 29. Bb8 a6 30. Ke2 g5 31. hxg5 fxg5 32. Bc7 b5 33. Kd3 g4 34. fxg4+
Kxg4 35. Ke2 Nb2 36. Kd2 Kf5 37. Kc2 Nc4 38. Kd3 a5 39. Bb8 Kg5 40. Bc7 Kg4 41.
Ke2 h4 42. Kd3 h3 43. gxh3+ Kxh3 44. Ke2 Kg4 45. Bb8 Nb2 46. Bc7 a4 47. Bd6 Kf5
48. Kf3 Nc4 49. Bb4 Nb6 50. Bd6 Nc4 51. Bb4 Nd2+ 52. Ke2 Ne4 53. Kf3 Ng5+ 54.
Ke3 Kg4 55. Bd6 Ne4 56. Bb4 Ng3 57. Ba5 Nf5+ 58. Kf2 Kf4 59. Bc7+ Ke4 60. Ke2
Ng7 61. Be5 Nf5 62. Bc7 Ne7 63. Bd6 Nc6 64. a3 Na5 65. Bb4 Nb3 66. Bd6 Nc1+ 67.
Kd2 Nd3 68. Ke2 Nb2 69. Bb4 Nc4 70. Bf8 Ne3 71. Bd6 Nf5 72. Be5 Ne7 73. Bd6 Ng8
74. Be5 Nh6 75. Bd6 Ng4 76. Bb4 Kf5 77. Kf3 Nf6 78. Be7 Ne4 79. Bb4 Nd2+ 80. Ke2
Ne4 81. Kf3 Nd2+ 82. Ke2 Ne4 83. Kf3 1/2-1/2

[Event "25th European Teams Women"]
[Site "Batumi GEO"]
[Date "2025.10.06"]
[Round "2.10"]
[Board "3"]
[White "Pavlidou, Ekaterini"]
[Black "Exler, Veronika"]
[Result "1/2-1/2"]
[WhiteTitle "WIM"]
[BlackTitle "WIM"]
[WhiteElo "2217"]
[BlackElo "2180"]
[WhiteTeam "Greece"]
[BlackTeam "Austria"]
[WhiteFideId "4213262"]
[BlackFideId "1620550"]
[EventDate "2025.10.05"]

1. d4 Nf6 2. c4 g6 3. Nc3 d5 4. cxd5 Nxd5 5. e4 Nxc3 6. bxc3 Bg7 7. Bc4 c5 8.
Ne2 O-O 9. O-O Nc6 10. Be3 b6 11. Rc1 Bb7 12. Bb5 Rc8 13. Bxc6 Bxc6 14. d5 Bb7
15. c4 Qd7 16. Qd2 Rfe8 17. Bh6 Bh8 18. Ng3 e6 19. Rfd1 exd5 20. exd5 b5 21.
cxb5 Bd4 22. Nh5 Qxd5 23. Nf6+ Bxf6 24. Qxd5 Bxd5 25. Rxd5 c4 26. Be3 Rc7 27.
Kf1 c3 28. Rc2 Rec8 29. Ke2 Kf8 30. Kd3 Ke7 31. b6 axb6 32. Bxb6 Ke6 33. Rb5
Rd7+ 34. Ke2 Rc4 35. Be3 Be5 36. g3 f5 37. Rb6+ Kf7 38. Rb5 Ke6 39. Rb6+ Kf7 40.
Rb5 Bf6 41. h4 Re4 42. Kf3 Ra4 1/2-1/2

[Event "25th European Teams Women"]
[Site "Batumi GEO"]
[Date "2025.10.06"]
[Round "2.10"]
[Board "4"]
[White "Deak-Sala, Emilia"]
[Black "Grapsa, Georgia"]
[Result "1/2-1/2"]
[WhiteTitle "WFM"]
[BlackTitle "WFM"]
[WhiteElo "2170"]
[BlackElo "2086"]
[WhiteTeam "Austria"]
[BlackTeam "Greece"]
[WhiteFideId "795615"]
[BlackFideId "4206436"]
[EventDate "2025.10.05"]

1. e4 c5 2. Nf3 e6 3. d4 cxd4 4. Nxd4 Nc6 5. Nc3 Qc7 6. Be3 a6 7. Qf3 Nf6 8.
O-O-O Ne5 9. Qg3 b5 10. f4 Neg4 11. Bg1 h5 12. h3 b4 13. Nd5 Nxd5 14. exd5 Nf6
15. dxe6 dxe6 16. Bd3 g6 17. Qf3 Nd5 18. f5 Bh6+ 19. Kb1 O-O 20. fxg6 fxg6 21.
Qe4 Rf6 22. Bh2 Bf4 23. Bxf4 Qxf4 24. Qxf4 Nxf4 25. Be4 Nd5 26. Nxe6 Bxe6 27.
Bxd5 Bxd5 28. Rxd5 Rf2 29. g4 Rc8 30. Rc1 hxg4 31. hxg4 Rc4 32. g5 Kf7 33. c3
bxc3 34. Rxc3 Rxc3 35. bxc3 Ke7 36. Ra5 Rg2 37. a4 Kd7 38. Rxa6 Rxg5 39. Kc2 Kc7
40. Kb3 Rg1 41. Rf6 Kb7 42. Kb4 Rb1+ 43. Kc5 Ra1 44. Rxg6 Rxa4 45. Rg7+ Kc8 46.
c4 Ra6 47. Kb5 Rh6 48. c5 Rf6 49. Rg8+ Kc7 50. Rg7+ Kc8 51. Rg8+ Kc7 52. Rg7+ 1/2-1/2

[Event "25th European Teams Women"]
[Site "Batumi GEO"]
[Date "2025.10.06"]
[Round "2.11"]
[Board "1"]
[White "Zherebtsova, Alexandra"]
[Black "Khademalsharieh, Sarasadat"]
[Result "1/2-1/2"]
[WhiteTitle "FM"]
[BlackTitle "IM"]
[WhiteElo "2279"]
[BlackElo "2444"]
[WhiteTeam "Montenegro"]
[BlackTeam "Spain"]
[WhiteFideId "24129518"]
[BlackFideId "12512214"]
[EventDate "2025.10.05"]

1. d4 Nf6 2. Bf4 d5 3. e3 e6 4. Nf3 c5 5. Nbd2 Nc6 6. c3 cxd4 7. exd4 Nh5 8. Be3
Bd6 9. Ne5 Nf6 10. f4 Qb6 11. Qb3 Qc7 12. Bd3 a6 13. O-O Bd7 14. Rae1 Ne7 15.
Ndf3 O-O 16. Rf2 Bb5 17. Bb1 Nf5 18. g4 Nxe3 19. Rxe3 Rae8 20. Ng5 g6 21. Qd1
Kg7 22. h4 Ne4 23. Bxe4 dxe4 24. Nxe4 f6 25. Nxd6 Qxd6 26. a4 fxe5 27. fxe5 Qe7
28. axb5 Rxf2 29. Kxf2 Qxh4+ 30. Kg2 Rf8 31. Qe2 axb5 32. Re4 Rf7 33. Qe1 Qg5
34. Qe3 Qd8 35. Rf4 Qd5+ 1/2-1/2

[Event "25th European Teams Women"]
[Site "Batumi GEO"]
[Date "2025.10.06"]
[Round "2.11"]
[Board "2"]
[White "Vega Gutierrez, Sabrina"]
[Black "Skvortsova, Alena"]
[Result "1-0"]
[WhiteTitle "IM"]
[BlackTitle "WFM"]
[WhiteElo "2362"]
[BlackElo "2166"]
[WhiteTeam "Spain"]
[BlackTeam "Montenegro"]
[WhiteFideId "2219026"]
[BlackFideId "24166251"]
[EventDate "2025.10.05"]

1. e4 c5 2. Nf3 Nc6 3. Bb5 e5 4. O-O Bd6 5. Re1 a6 6. Bc4 Nf6 7. a4 O-O 8. d3
Be7 9. Nc3 d6 10. Nd5 h6 11. Bd2 b6 12. Rb1 Rb8 13. b4 cxb4 14. Nxb4 Nxb4 15.
Bxb4 Bb7 16. Nh4 d5 17. Bxe7 Qxe7 18. Rxb6 Nxe4 19. dxe4 Qxh4 20. Bxd5 Bxd5 21.
Rxb8 Rxb8 22. Qxd5 Qe7 23. g3 Qb4 24. Re3 Rc8 25. Rf3 Qc4 26. Qxe5 Qxc2 27. Qd5
Qc4 28. Rf4 Qc7 29. Kg2 a5 30. e5 Re8 31. Re4 Rd8 32. Qc4 Qb7 33. e6 fxe6 34.
Qxe6+ Kh8 35. Kh3 Rd2 36. Qf5 Rd8 37. Qxa5 Rf8 38. Qe1 Qc6 39. Kg2 Re8 40. f3
Rb8 41. a5 Qb5 42. Qc3 Qb1 43. Re2 Qg6 44. Re7 Ra8 45. Rc7 Kh7 46. Rc6 Qb1 47.
a6 Qa2+ 48. Kh3 Qe2 49. Rc7 Qf1+ 50. Kh4 Rg8 51. a7 Qa6 52. Qd4 Kh8 53. Rd7 Qa5
54. Qd5 Qa6 55. Qxg8+ Kxg8 56. Rd8+ Kh7 57. a8=Q g5+ 58. Kh3 Qf1+ 59. Kg4 h5+
60. Kxg5 Qc1+ 61. Kh4 1-0

[Event "25th European Teams Women"]
[Site "Batumi GEO"]
[Date "2025.10.06"]
[Round "2.11"]
[Board "3"]
[White "Milovic, Aleksandra"]
[Black "Matnadze Bujiashvili, Ann"]
[Result "0-1"]
[WhiteTitle "WIM"]
[BlackTitle "IM"]
[WhiteElo "2050"]
[BlackElo "2321"]
[WhiteTeam "Montenegro"]
[BlackTeam "Spain"]
[WhiteFideId "933988"]
[BlackFideId "13601377"]
[EventDate "2025.10.05"]

1. e4 c5 2. Nf3 Nc6 3. d4 cxd4 4. Nxd4 Nf6 5. Nc3 d6 6. Bg5 e6 7. Qd2 a6 8.
O-O-O Bd7 9. f3 Rc8 10. h4 h6 11. Be3 b5 12. g4 b4 13. Nb1 Nxd4 14. Bxd4 e5 15.
Be3 Qa5 16. Bd3 Qxa2 17. g5 Nh5 18. Qxb4 d5 19. Qb7 d4 20. Bd2 Qa4 21. f4 Ng3
22. Rhe1 hxg5 23. hxg5 Rh2 24. c3 exf4 25. e5 dxc3 26. Bxc3 Qc6 27. Bxa6 Qxb7
28. Bxb7 Rc7 29. Bf3 Rf2 30. Rxd7 Kxd7 31. Bg4+ Kc6 32. e6 fxe6 33. Rxe6+ Kb7
34. Kd1 Bc5 35. Nd2 Be3 36. Re8 Bxd2 37. Bxd2 Nf1 38. Rd8 Ne3+ 39. Bxe3 fxe3 40.
Rd3 Re7 41. Be2 Kc6 42. b4 Re5 43. Rc3+ Kb6 44. g6 Rg2 45. Ra3 Rd5+ 46. Ke1 Rg1+
47. Bf1 Rf5 0-1

[Event "25th European Teams Women"]
[Site "Batumi GEO"]
[Date "2025.10.06"]
[Round "2.11"]
[Board "4"]
[White "Garcia-Castany Musellas, Gal.la"]
[Black "Koljevic, Nikolina"]
[Result "1-0"]
[WhiteTitle "WFM"]
[BlackTitle "WFM"]
[WhiteElo "2201"]
[BlackElo "1970"]
[WhiteTeam "Spain"]
[BlackTeam "Montenegro"]
[WhiteFideId "2241803"]
[BlackFideId "16503945"]
[EventDate "2025.10.05"]

1. e4 c5 2. Nf3 d6 3. Bb5+ Bd7 4. Bxd7+ Qxd7 5. O-O Nf6 6. Qe2 Nc6 7. c3 e6 8.
d4 cxd4 9. cxd4 d5 10. e5 Ne4 11. Be3 Be7 12. Ne1 f6 13. Nd3 O-O 14. f3 Ng5 15.
Nd2 Nf7 16. f4 Nh6 17. Bf2 Rae8 18. h3 Bd8 19. Nf3 Kh8 20. b4 Bb6 21. Qb2 Qe7
22. Rab1 fxe5 23. dxe5 Nf5 24. Bxb6 axb6 25. Qf2 Ra8 26. g4 Nh6 27. Rb3 Nf7 28.
Qxb6 Rxa2 29. Qc5 Qd8 30. Rf2 Rxf2 31. Kxf2 Kg8 32. Ra3 Qb8 33. b5 Ncd8 34. Ra7
Nh6 35. Kg2 Rf7 36. b6 Nc6 37. Ng5 Re7 38. Nb4 Nxa7 39. bxa7 Qd8 40. Qxe7 1-0

[Event "25th European Teams Women"]
[Site "Batumi GEO"]
[Date "2025.10.06"]
[Round "2.12"]
[Board "1"]
[White "Purtseladze, Maka"]
[Black "Zaksaite, Salomeja"]
[Result "1/2-1/2"]
[WhiteTitle "IM"]
[BlackTitle "WGM"]
[WhiteElo "2261"]
[BlackElo "2133"]
[WhiteTeam "Georgia 2"]
[BlackTeam "Lithuania"]
[WhiteFideId "13602659"]
[BlackFideId "12801496"]
[EventDate "2025.10.05"]

1. c4 Nf6 2. Nc3 g6 3. e4 d6 4. d4 Bg7 5. Be2 O-O 6. Be3 c6 7. h4 e5 8. d5 cxd5
9. cxd5 h5 10. f3 a6 11. a4 a5 12. Nb5 Na6 13. Rc1 Ne8 14. g3 f5 15. Nh3 f4 16.
Bf2 fxg3 17. Bxg3 Bxh3 18. Rxh3 Nc5 19. Rh2 Bh6 20. Rxc5 dxc5 21. Bxe5 Qe7 22.
Bg3 Rd8 23. d6 Qf7 24. Qc2 Kh7 25. Qxc5 Bf4 26. Rg2 Bxg3+ 27. Rxg3 Qf4 28. Qg5
Qxg5 29. Rxg5 Nxd6 30. Nc7 Rc8 31. Ne6 Rf6 32. Nd4 Rf4 33. Rd5 Nc4 34. b3 Ne3
35. Rxa5 Nc2+ 36. Nxc2 Rxc2 37. Kf2 Rxh4 38. Ke3 Rc3+ 39. Bd3 Rxb3 40. Rg5 Rh1
41. Rd5 h4 42. Kf4 h3 43. Bc4 Rb2 44. Rd7+ Kh8 45. Kg5 Rb6 46. a5 Rc6 47. Bd5
Rd1 48. Rd8+ Kg7 49. Rd7+ Kf8 50. Rf7+ Ke8 51. Rxb7 Rg1+ 52. Kf4 g5+ 53. Ke5 Rh6
54. a6 Ra1 55. a7 h2 56. Rb8+ Kd7 57. Rb7+ Kc8 58. Rb8+ Kd7 59. Rb7+ Kd8 60.
Rb8+ Ke7 61. Rb7+ Kf8 62. Rb8+ Kg7 63. Rb7+ Kf8 64. Rb8+ Ke7 1/2-1/2

[Event "25th European Teams Women"]
[Site "Batumi GEO"]
[Date "2025.10.06"]
[Round "2.12"]
[Board "2"]
[White "Baginskaite, Kamile"]
[Black "Khurtsilava, Inga"]
[Result "1-0"]
[WhiteTitle "WGM"]
[BlackTitle "WGM"]
[WhiteElo "2158"]
[BlackElo "2128"]
[WhiteTeam "Lithuania"]
[BlackTeam "Georgia 2"]
[WhiteFideId "2014599"]
[BlackFideId "13600419"]
[EventDate "2025.10.05"]

1. d4 Nf6 2. c4 c5 3. d5 b5 4. cxb5 a6 5. e3 g6 6. Nc3 Bg7 7. Nf3 O-O 8. a4 e6
9. e4 exd5 10. exd5 Re8+ 11. Be2 axb5 12. Nxb5 d6 13. O-O Bb7 14. Bc4 Na6 15.
Bf4 Bf8 16. Nc3 Nb4 17. Qd2 Ne4 18. Nxe4 Rxe4 19. b3 Ba6 20. Bxa6 Rxa6 21. Rfe1
Rxe1+ 22. Rxe1 Qa8 23. Rd1 Bg7 24. h3 Qf8 25. Ng5 h6 26. Ne4 f5 27. Nc3 g5 28.
Bh2 Qf6 29. Nb5 f4 30. Qe2 Bf8 31. g3 f3 32. Qe6+ Qxe6 33. dxe6 g4 34. hxg4 Rb6
35. g5 hxg5 36. g4 d5 37. Re1 Be7 38. Bc7 Rc6 39. Kh2 Nd3 40. Re3 Nxf2 41. Kg3
Ne4+ 42. Kxf3 Rxe6 43. Nc3 Rf6+ 44. Kg2 Nxc3 45. Rxe7 Rc6 46. Be5 Ne4 47. a5 Ra6
48. Bc7 Ra7 49. Bd8 Ra8 50. Bb6 Nc3 51. Rc7 Ne4 52. Rd7 d4 53. Rd8+ Rxd8 54.
Bxd8 d3 55. Kf3 Nd2+ 56. Ke3 Nxb3 57. Kxd3 Nxa5 58. Bxa5 Kf7 59. Ke4 Kf6 60.
Bc3+ Ke6 61. Bb2 c4 62. Bc3 Kf7 63. Kf5 Kg8 64. Kxg5 Kh7 65. Kf6 Kg8 66. Kg6 Kf8
67. Kh7 1-0

[Event "25th European Teams Women"]
[Site "Batumi GEO"]
[Date "2025.10.06"]
[Round "2.12"]
[Board "3"]
[White "Gvetadze, Sofio"]
[Black "Limontaite, Simona"]
[Result "1-0"]
[WhiteTitle "IM"]
[BlackTitle "WIM"]
[WhiteElo "2298"]
[BlackElo "2151"]
[WhiteTeam "Georgia 2"]
[BlackTeam "Lithuania"]
[WhiteFideId "13601440"]
[BlackFideId "12802506"]
[EventDate "2025.10.05"]

1. c4 e5 2. Nc3 Nc6 3. g3 g6 4. Bg2 Bg7 5. Nf3 Nge7 6. O-O d6 7. Rb1 Be6 8. d3
h6 9. b4 Qd7 10. b5 Nd8 11. a4 O-O 12. c5 d5 13. d4 exd4 14. Nxd4 c6 15. Bf4 Bh3
16. Qd2 Kh7 17. bxc6 bxc6 18. a5 Bxg2 19. Kxg2 Nf5 20. Nxf5 Qxf5 21. e3 Re8 22.
Rb4 Ne6 23. Bd6 Ng5 24. f3 Qf6 25. Nd1 Ne6 26. Nf2 Qc3 27. Qxc3 Bxc3 28. Rb3 Bg7
29. Rc1 Kg8 30. a6 Bf8 31. e4 d4 32. e5 Bxd6 33. cxd6 Rec8 34. Ne4 c5 35. Rc4
Rc6 36. Nf6+ Kg7 37. f4 Rxa6 38. Kf3 Rb6 39. Ra3 a5 40. Rca4 Rba6 41. Ke4 Rc8
42. d7 Rb8 43. g4 Nc7 44. Rxa5 Rc6 45. Ra7 Kf8 46. Rb7 Rd8 47. Raa7 Na6 48. Kd5 1-0

[Event "25th European Teams Women"]
[Site "Batumi GEO"]
[Date "2025.10.06"]
[Round "2.12"]
[Board "4"]
[White "Simkunaite, Gabija"]
[Black "Koridze, Lile"]
[Result "1-0"]
[WhiteTitle "WFM"]
[BlackTitle "WFM"]
[WhiteElo "2009"]
[BlackElo "2104"]
[WhiteTeam "Lithuania"]
[BlackTeam "Georgia 2"]
[WhiteFideId "12808253"]
[BlackFideId "13612514"]
[EventDate "2025.10.05"]

1. e4 c5 2. d4 cxd4 3. Qxd4 Nc6 4. Qd3 Nf6 5. Nf3 e6 6. Nc3 d5 7. exd5 Nb4 8.
Qb5+ Bd7 9. Qe2 Nbxd5 10. Nxd5 Nxd5 11. Ne5 Be7 12. Nxd7 Qxd7 13. Qb5 a6 14.
Qxd7+ Kxd7 15. Bd2 Rhd8 16. Bc4 Ke8 17. O-O-O Rac8 18. Bb3 Bf6 19. Ba5 b6 20.
Bxd5 bxa5 21. Be4 Ke7 22. c3 Rb8 23. Rxd8 Kxd8 24. Rd1+ Kc7 25. Kc2 h6 26. g3
Rb6 27. Bh7 Rb8 28. Bd3 Rb6 29. Re1 Rd6 30. Re4 Kb6 31. Ra4 Rc6 32. h4 Rc5 33.
a3 Rc7 34. Kd2 Rc5 35. Ke2 Re5+ 36. Kd2 Rc5 37. f3 g5 38. hxg5 hxg5 39. Kc2 Bg7
40. c4 g4 41. b4 axb4 42. axb4 Rh5 43. c5+ Kc7 44. Rxa6 gxf3 45. Ra7+ Kb8 46.
Rxf7 Rg5 47. Rxf3 Be5 48. Bc4 Rg6 49. Kb3 Bd4 50. Ka4 e5 51. Bd5 Rg4 52. Kb5 e4
53. Rf8+ Kc7 54. Rf7+ Kd8 55. Be6 Rg7 56. Rxg7 Bxg7 57. Kc6 1-0

[Event "25th European Teams Women"]
[Site "Batumi GEO"]
[Date "2025.10.06"]
[Round "2.13"]
[Board "1"]
[White "Ivekovic, Tihana"]
[Black "Brunello, Marina"]
[Result "0-1"]
[WhiteTitle "WFM"]
[BlackTitle "IM"]
[WhiteElo "2078"]
[BlackElo "2287"]
[WhiteTeam "Croatia"]
[BlackTeam "Italy"]
[WhiteFideId "14517825"]
[BlackFideId "822590"]
[EventDate "2025.10.05"]

1. e4 c5 2. Nf3 d6 3. d4 cxd4 4. Nxd4 Nf6 5. Nc3 a6 6. a4 e6 7. a5 Nc6 8. Nxc6
bxc6 9. Bd3 d5 10. exd5 cxd5 11. Be3 Bb4 12. Bb6 Qe7 13. O-O Bb7 14. Na4 e5 15.
c3 Bd6 16. Re1 O-O 17. b4 Nd7 18. Bf1 e4 19. Bd4 f5 20. Nb6 Nxb6 21. axb6 Qh4
22. g3 Qh6 23. Qb3 Kh8 24. Ra2 f4 25. Rea1 e3 26. fxe3 fxg3 27. hxg3 Rf3 28. Bg2
Rxg3 29. Rf1 Rxe3 30. Bxe3 Qh2+ 31. Kf2 Bg3+ 0-1

[Event "25th European Teams Women"]
[Site "Batumi GEO"]
[Date "2025.10.06"]
[Round "2.13"]
[Board "2"]
[White "Sedina, Elena"]
[Black "Zagorac, Lara"]
[Result "1-0"]
[WhiteTitle "IM"]
[BlackTitle "WFM"]
[WhiteElo "2233"]
[BlackElo "2074"]
[WhiteTeam "Italy"]
[BlackTeam "Croatia"]
[WhiteFideId "812153"]
[BlackFideId "14580250"]
[EventDate "2025.10.05"]

1. e4 e5 2. Nf3 Nc6 3. Bc4 Nf6 4. d3 Be7 5. O-O O-O 6. Re1 d6 7. a4 Kh8 8. a5 a6
9. h3 Ng8 10. Nc3 f5 11. Nd5 f4 12. b4 g5 13. d4 g4 14. hxg4 Bxg4 15. dxe5 dxe5
16. Bb2 Bf6 17. Ra3 Bg7 18. Qa1 Bxf3 19. Rxf3 Qd7 20. Rd1 Rad8 21. Rdd3 Qf7 22.
Bb3 Qg6 23. Nxc7 Qxe4 24. Ne6 Rxd3 25. Rxd3 Rf6 26. Nxg7 Kxg7 27. Bd5 Qxb4 28.
Rb3 Qe7 29. Bxc6 Rxc6 30. Bxe5+ Nf6 31. Bxf4 Rxc2 32. Qb1 Qe4 33. Rxb7+ Kg6 34.
Rb4 Qe2 35. Be3 Nd5 36. Rg4+ Qxg4 37. Qxc2+ Kf7 38. Qxh7+ Ke8 39. Qd3 Nb4 40.
Qd4 Qxd4 41. Bxd4 Kd7 42. g4 Nd5 43. Kg2 Ke6 44. Kf3 Ne7 45. Ke4 Nc8 46. Bc5 1-0